[Event "Albena op-B"]
[Site "Albena"]
[Date "2016.06.25"]
[Round "7"]
[White "Ozerov, Ilja"]
[Black "Shumantov, Aleksandar"]
[Result "1-0"]
[WhiteElo "2185"]
[BlackElo "1837"]
[PlyCount "136"]
[EventDate "2016.06.19"]
[EventType "swiss"]
[EventRounds "7"]
[EventCountry "BUL"]
[SourceTitle "EXT 2017"]
[Source "ChessBase"]
[SourceDate "2016.10.25"]
[SourceVersion "1"]
[SourceVersionDate "2016.10.25"]
[SourceQuality "1"]

1. e4 c5 2. Nf3 Nc6 3. d4 cxd4 4. Nxd4 Nf6 5. Nc3 e5 6. Ndb5 d6 7. a4 a6 8. Na3 Be6 9. Bc4 Qd7 10. 0-0 Be7 11. Bg5 0-0 12. Bxf6 Bxf6 13. Nd5 Bxd5 14. Bxd5 Nd4 15. Nc4 Qc7 16. c3 Ne6 17. Qb3 Rac8 18. Rfd1 Nf4 19. Nb6 Rcd8 20. g3 Nh3+ 21. Kg2 Ng5 22. h4 Ne6 23. Bxe6 fxe6 24. Qxe6+ Kh8 25. a5 g5 26. h5 g4 27. Qxg4 Qc5 28. Rd5 Qc7 29. Qe6 Rf7 30. Rad1 Rdf8 31. Qxd6 Qxd6 32. Rxd6 Bg5 33. Rf1 Be3 34. f3 Bxb6 35. axb6 Rf6 36. Rxf6 Rxf6 37. Rd1 Rxb6 38. b4 Kg7 39. Rd7+ Kh6 40. Kh3 Kxh5 41. Rxh7+ Kg6 42. Rc7 Kg5 43. Kg2 Rd6 44. Kf2 b5 45. Ke3 Kf6 46. Rc5 Rb6 47. f4 exf4+ 48. gxf4 Ke6 49. Rh5 Kf7 50. Kd4 Rd6+ 51. Rd5 Rc6 52. Rc5 Rd6+ 53. Ke5 Re6+ 54. Kd5 Rh6 55. Rc7+ Ke8 56. Rc6 Rh3 57. Kd4 Rh7 58. Rxa6 Rd7+ 59. Kc5 Rc7+ 60. Kxb5 Rxc3 61. Rd6 Ke7 62. Rd1 Ke6 63. Kb6 Rc4 64. b5 Rxe4 65. Kb7 Rxf4 66. b6 Rf2 67. Kb8 Ra2 68. b7 Ke7 1-0

[Event "Herne op 5th"]
[Site "Herne"]
[Date "2016.05.28"]
[Round "6"]
[White "Ozerov, Ilja"]
[Black "Runte, Moritz"]
[Result "1-0"]
[WhiteElo "2194"]
[BlackElo "1795"]
[PlyCount "141"]
[EventDate "2016.05.25"]
[EventType "swiss"]
[EventRounds "7"]
[EventCountry "GER"]
[SourceTitle "CBM 172 Extra"]
[Source "ChessBase"]
[SourceDate "2016.06.21"]
[SourceVersion "1"]
[SourceVersionDate "2016.06.21"]
[SourceQuality "1"]

1. d4 d5 2. c3 Nf6 3. Bg5 e6 4. e3 c5 5. Nd2 Nc6 6. f4 b6 7. Ngf3 Be7 8. Bd3 cxd4 9. exd4 a5 10. Qe2 h6 11. Bxf6 Bxf6 12. 0-0 0-0 13. Kh1 Nb8 14. Rg1 Ba6 15. Bxa6 Nxa6 16. g4 g5 17. fxg5 Bxg5 18. Nxg5 hxg5 19. Rg3 Nc7 20. Rh3 f6 21. Nf1 Rf7 22. Ng3 Qe7 23. Re1 Re8 24. Qd3 Rh7 25. Nh5 Rh6 26. Rf3 Rf8 27. Qe3 f5 28. Ref1 f4 29. Qe5 Ne8 30. h4 Rg6 31. Qe2 Ng7 32. Nxg7 Rxg7 33. h5 e5 34. Qxe5 Qxe5 35. dxe5 Re7 36. Rd3 Rxe5 37. Rfd1 f3 38. Rf1 f2 39. Kg2 Rf4 40. Rxf2 Rxg4+ 41. Rg3 Rh4 42. Rh3 Ree4 43. Rxh4 Rxh4 44. Rf5 Rxh5 45. Rxd5 Rh6 46. Rxg5+ Kf7 47. Kf3 Rh2 48. Rg2 Rh4 49. Re2 Kf6 50. Kf2 Rh3 51. Ke1 b5 52. Kd2 a4 53. Kc2 Kf5 54. b3 axb3+ 55. Kxb3 Rh4 56. Re8 Rh1 57. a4 bxa4+ 58. Kxa4 Ra1+ 59. Kb5 Ra7 60. c4 Kf6 61. c5 Kf7 62. Re1 Ra2 63. Kb6 Rc2 64. c6 Rb2+ 65. Kc7 Rc2 66. Kd7 Rd2+ 67. Kc8 Rc2 68. c7 Kf8 69. Re5 Kf7 70. Kb7 Kf6 71. Rb5 1-0

[Event "Ruhrgebiet Verbandsliga2 1213"]
[Site "Nordrheinwestfalen"]
[Date "2013.04.28"]
[Round "9.4"]
[White "Lange, Andreas"]
[Black "Ozerov, Ilja"]
[Result "1-0"]
[WhiteElo "2061"]
[BlackElo "2046"]
[PlyCount "121"]
[EventDate "2012.09.02"]
[EventType "team-tourn"]
[EventRounds "9"]
[EventCountry "GER"]
[SourceTitle "EXT 2020"]
[Source "ChessBase"]
[SourceDate "2019.10.17"]
[SourceVersion "1"]
[SourceVersionDate "2019.10.17"]
[SourceQuality "1"]
[WhiteTeam "Doppelbauer Brambauer"]
[BlackTeam "Muelheim Nord III"]
[WhiteTeamCountry "GER"]
[BlackTeamCountry "GER"]

1. c4 f5 2. g3 Nf6 3. Bg2 g6 4. Nc3 Bg7 5. d3 d6 6. e4 fxe4 7. dxe4 c5 8. Nge2 Nc6 9. 0-0 Be6 10. b3 0-0 11. h3 Qd7 12. Kh2 Ne8 13. Be3 Nc7 14. Qd2 Rad8 15. Bh6 Bf7 16. Bxg7 Kxg7 17. f4 Ne6 18. h4 Ned4 19. Bh3 Be6 20. f5 gxf5 21. Nf4 Ne5 22. Kg2 Kh8 23. Nxe6 Qxe6 24. Nd5 Nef3 25. Rxf3 Nxf3 26. Kxf3 Qxe4+ 27. Kf2 f4 28. gxf4 e5 29. Re1 Qg6 30. f5 Qf7 31. Rg1 Rg8 32. Rg5 Rxg5 33. Qxg5 Rg8 34. Qf6+ Qg7 35. Qxg7+ Kxg7 36. Bg4 h5 37. f6+ Kf8 38. Be6 Rg6 39. Bf5 Rh6 40. Bc8 b6 41. Be6 Rg6 42. a3 Ke8 43. a4 Kf8 44. Kf3 Rg1 45. Ke4 Rg6 46. Kf5 Rg4 47. Ne7 e4 48. Bd5 e3 49. Bf3 Kf7 50. Bd5+ Kf8 51. Bf3 Kf7 52. Nd5 Rxh4 53. Nxe3 Rh3 54. Bd5+ Kf8 55. Kf4 h4 56. Nf5 Rh2 57. Ne7 Rf2+ 58. Kg5 h3 59. Ng6+ Ke8 60. Nf4 h2 61. f7+ 1-0

[Event "Ruhrgebiet Verbandsliga2 1213"]
[Site "Nordrheinwestfalen"]
[Date "2013.04.07"]
[Round "8.3"]
[White "Labuda, Markus"]
[Black "Ozerov, Ilja"]
[Result "0-1"]
[WhiteElo "1938"]
[BlackElo "2046"]
[PlyCount "76"]
[EventDate "2012.09.02"]
[EventType "team-tourn"]
[EventRounds "9"]
[EventCountry "GER"]
[SourceTitle "EXT 2020"]
[Source "ChessBase"]
[SourceDate "2019.10.17"]
[SourceVersion "1"]
[SourceVersionDate "2019.10.17"]
[SourceQuality "1"]
[WhiteTeam "Oberhausen SV II"]
[BlackTeam "Muelheim Nord III"]
[WhiteTeamCountry "GER"]
[BlackTeamCountry "GER"]

1. d4 f5 2. Nc3 Nf6 3. Bg5 d5 4. Nf3 g6 5. e3 Bg7 6. Be2 0-0 7. Ne5 Ne4 8. Bf4 Nxc3 9. bxc3 e6 10. h4 Nd7 11. Nxd7 Bxd7 12. c4 Re8 13. cxd5 exd5 14. Rb1 Bc6 15. g4 fxg4 16. Bxg4 Qf6 17. Bxc7 Qxd4 18. Qxd4 Bxd4 19. h5 Bc3+ 20. Ke2 d4 21. Bf3 dxe3 22. Bxc6 bxc6 23. hxg6 exf2+ 24. Kxf2 hxg6 25. Rbd1 Rf8+ 26. Kg3 Rf7 27. Rd3 Bg7 28. Bf4 Raf8 29. Bh6 Be5+ 30. Kg4 Rb8 31. a3 Bg7 32. Bg5 Re8 33. Rhd1 Re4+ 34. Kg3 Be5+ 35. Kh3 Rh7+ 36. Kg2 Rg4+ 37. Kf3 Rxg5 38. Rd8+ Kg7 0-1